Entry Personal Name
Number of records used in: 1
001 - CONTROL NUMBER
003 - CONTROL NUMBER IDENTIFIER
005 - DATE AND TIME OF LATEST TRANSACTION
- control field:
20221105095826.0
008 - FIXED-LENGTH DATA ELEMENTS
- fixed length control field:
900306n| acannaab| |n aaa |||
010 ## - LIBRARY OF CONGRESS CONTROL NUMBER
- LC control number:
n 90617593
040 ## - CATALOGING SOURCE
- Original cataloging agency:
DLC
- Transcribing agency:
DLC
100 10 - HEADING--PERSONAL NAME
- Personal name:
Davis, Bernard
670 ## - SOURCE DATA FOUND
- Source citation:
nuc89-33451: His Food and beverage management, 1985
- Information found:
(hdg. on IaAS rept.: Davis, Bernard; usage: Bernard Davis)
670 ## - SOURCE DATA FOUND
- Source citation:
LC data base, 3-6-90
- Information found:
(hdg.: Davis, Bernard)